LEADER 00845nam0-22002771i-450- 001 990006455300403321 005 20110316111038.0 035 $a000645530 035 $aFED01000645530 035 $a(Aleph)000645530FED01 035 $a000645530 100 $a20010426d--------km-y0itay50------ba 101 0 $aita 105 $ay-------001yy 200 1 $aFILIPPO Turati cinquant'anni dopo$eatti del Convegno di Studi organizzato dalla Fondazione Giacomo Matteotti. Roma 6-7maggio 1982 210 $aNapoli$cESI$d1983. 215 $a380 p.$d21 cm 225 1 $aStoria del socialismo e del movimento operaio$v1 676 $a320.5 801 0$aIT$bUNINA$gRICA$2UNIMARC 901 $aBK 912 $a990006455300403321 952 $aXIV B 828$b27886$fFSPBC 959 $aFSPBC 996 $aFILIPPO Turati cinquant'anni dopo$9650914 997 $aUNINA LEADER 01737nas 22004813a 450 001 996211033503316 005 20240413021245.0 011 $a1558-1152 035 $a(OCoLC)46988290 035 $a(CKB)954928584894 035 $a(CONSER) 2005214070 035 $a(DE-599)ZDB2006337-4 035 $a(EXLCZ)99954928584894 100 $a20010522b19831988 sy a 101 0 $aeng 135 $aurcnu||||| 181 $ctxt$2rdacontent 182 $cc$2rdamedia 183 $acr$2rdacarrier 200 10$aACM transactions on office information systems $ea publication of the Association for Computing Machinery 210 $aNew York, NY $cThe Association$dc1983-c1989 215 $a6 v. $cill. ;$d26 cm 225 1 $aACM series on computing methodologies 300 $aTitle from journal home page (viewed May 21, 2001). 300 $aRefereed/Peer-reviewed 311 $a0734-2047 410 0$aACM series on computing methodologies. 606 $aBusiness$xData processing$vPeriodicals 606 $aInformation storage and retrieval systems$xBusiness$vPeriodicals 606 $aGestion$xInformatique$vPe?riodiques 606 $aSyste?mes d'information$xAffaires$vPe?riodiques 606 $a54.81 application of information systems$2nbc 615 0$aBusiness$xData processing 615 0$aInformation storage and retrieval systems$xBusiness 615 6$aGestion$xInformatique 615 6$aSyste?mes d'information$xAffaires 615 7$a54.81 application of information systems 676 $a651.8/4/05 712 02$aAssociation for Computing Machinery. 906 $aJOURNAL 912 $a996211033503316 996 $aACM transactions on office information systems$9104604 997 $aUNISA